00678nam a2200205Ia 4500008004100000050001500041050001500056100002900071245014200100245002900242260003100271260001000302260001000312300001600322300002000338300001100358500005600369521002800425999001900453170504s9999 xx 000 0 und d aHF 5549.9  b.T114 2015 aTabulado, Adrian Paul A. aFactors affecting job satisfaction and teaching performance of basic education teachers of southville international school and colleges / cAdrian Paul A. Tabulado. aLas Piñas, Philippines : bSISC, c2015. a159 pages : billustrations ; c28 cm. aIncludes bibliographical references and appendices. aBusiness Administration c329804d329804